Main Hero/Villain From Every Illumination Movie - Statistics

General Stats
  • This quiz has been taken 19 times
  • The average score is 16 of 30
Answer Stats
Hint Answer % Correct
Despicable Me (Hero): Gru
80%
Despicable Me 2 (Hero): Gru
80%
Despicable Me 3 (Hero): Gru
80%
Minions: The Rise of Gru (Hero): Gru
80%
Despicable Me 4 (Hero): Gru
80%
The Super Mario Bros. Movie (Hero): Mario
80%
Despicable Me (Villain): Vector
80%
The Super Mario Bros. Movie (Villain): Bowser
70%
Despicable Me 2 (Villain): El Macho
70%
Minions (Hero): Kevin/Stuart/Bob
70%
Minions (Villain): Scarlet Overkill
70%
The Grinch (Hero): The Grinch
70%
The Grinch (Villain): The Grinch
70%
Sing (Hero): Buster Moon
50%
Sing 2 (Hero): Buster Moon
50%
The Secret Life of Pets (Hero): Max
50%
The Secret Life of Pets 2 (Hero): Max
50%
The Lorax (Villain): Aloysius O’Hare
40%
The Secret Life of Pets (Villain): Snowball
40%
Despicable Me 3 (Villain): Balthazar Bratt
30%
Hop (Villain): Carlos
30%
Migration (Villain): Chef
30%
Hop (Hero): E.B.
30%
Migration (Hero): Mack Mallard
30%
Despicable Me 4 (Villain): Maxime Le Mal
30%
The Lorax (Hero): Ted Wiggins
30%
Sing 2 (Villain): Jimmy Crystal
20%
The Secret Life of Pets 2 (Villain): Sergei
20%
Sing (Villain): The Three Bears
20%
Minions: The Rise of Gru (Villain): Vicious Six
20%
No matching quizzes found
Score Distribution
Percent of People with Each Score
Percentile by Number Answered
Your Score History
You have not taken this quiz